书目信息 |
| 题名: |
脊柱好了,你就健康了
|
|
| 作者: | 张霆 编著 | |
| 分册: | ||
| 出版信息: | 天津 天津科学技术出版社 2016 |
|
| 页数: | 245页 | |
| 开本: | 24cm | |
| 丛书名: | ||
| 单 册: | ||
| 中图分类: | R681.501 | |
| 科图分类: | ||
| 主题词: | 脊柱病--ji zhu bing--预防(卫生) | |
| 电子资源: | ||
| ISBN: | 978-7-5576-1270-2 | |
| 000 | 00776nam0 22002291 450 | |
| 001 | 0122100920 | |
| 005 | 20170322100920.0 | |
| 010 | @a978-7-5576-1270-2@dCNY32.80 | |
| 100 | @a20160808d2016 em y0chiy50 ea | |
| 101 | 0 | @achi |
| 102 | @aCN@b120000 | |
| 105 | @aa z 000yy | |
| 106 | @ar | |
| 200 | 1 | @a脊柱好了,你就健康了@9ji zhu hao le ni jiu jian kang le@f张霆编著 |
| 210 | @a天津@c天津科学技术出版社@d2016 | |
| 215 | @a245页@c图@d24cm | |
| 330 | @a本书共九章,内容包括脊柱是健康之本,生命之源;颈椎,背负着使命的组织;胸椎,整个脊柱的中坚力量;腰椎,脊柱的最大组成部分等。 | |
| 606 | 0 | @a脊柱病@9ji zhu bing@x预防(卫生) |
| 690 | @aR681.501@v5 | |
| 701 | 0 | @a张霆@9zhang ting@c(中医)@4编著 |
| 801 | 0 | @aCN@bTANGWEI@c20170308 |
| 905 | @b0960782-5@dR681.501@e47@f4 | |
| 脊柱好了,你就健康了/张霆编著.-天津:天津科学技术出版社,2016 |
| 245页:图;24cm |
| ISBN 978-7-5576-1270-2:CNY32.80 |
| 本书共九章,内容包括脊柱是健康之本,生命之源;颈椎,背负着使命的组织;胸椎,整个脊柱的中坚力量;腰椎,脊柱的最大组成部分等。 |
| ● |
| 相关链接 |
|
|
|
|
正题名:脊柱好了,你就健康了
索取号:R681.501/47
 
预约/预借
| 序号 | 登录号 | 条形码 | 馆藏地/架位号 | 状态 | 备注 |
| 1 | 0960782 | 209607825 | 第二样本阅览室/ [索取号:R681.501/47] | 在馆 | |
| 2 | 0960783 | 209607834 | 第三借阅区/ [索取号:R681.501/47] | 在馆 | |
| 3 | 0960784 | 209607843 | 第三借阅区/ [索取号:R681.501/47] | 在馆 | |
| 4 | 0960785 | 209607852 | 第三借阅区/ [索取号:R681.501/47] | 在馆 |